000 01035nmm a2200301 a 4500
001 ocm000884666
003 TR-IsHL
005 20201028144339.0
008 141121s1996 tu tur
007 cr cn
020 _a9789757814412
035 _a884666
_b(N$T)
050 0 4 _aPQ2304.H5
_bD48 1996
090 0 4 _aPQ2304.H5
_bD48 1996
100 1 _aHugo, Victor
245 1 0 _a1793 devrimi
_h[electronic resource] /
_cVictor Hugo ; çeviren Alev Er
260 _aİstanbul :
_bPencere Yayınları,
_c1996
300 _a408 s. ;
_c20 cm.
650 4 _aDil ve Edebiyat
650 4 _aLanguage and Literature
650 0 _aHugo, Victor, 1802-1885
_xPolitics and social views
650 0 _aHugo, Victor, 1802-1885
_xPolitik ve sosyal görüşler
650 0 _aFrance
_xHistory
_xRevolution, 1789-1799
650 0 _aFransa
_xTarih
_xDevrim, 1789-1799
650 7 _aHISTORY / Europe / France
_2bisacsh
700 1 _aEr, Alev
856 4 0 _uhttp://search.ebscohost.com/login.aspx?direct=true&scope=site&db=e011xww&AN=884666
999 _c9377
_d9377